| 000 | 00688nam a22001937a 4500 | ||
|---|---|---|---|
| 005 | 20180423125908.0 | ||
| 010 | _aENG-122773 | ||
| 020 |
_a9789352805563 _c895.00 |
||
| 035 | _aEN-106305 | ||
| 037 | _bDBAD/PUB | ||
| 082 | 0 | 0 | _a331.881164 |
| 100 | _aFish, Jennifer N. | ||
| 245 | 1 | 0 |
_aDomestic workers of the world unite! : _cby Jennifer N. Fish _ba global movement for dignity and human rights / |
| 260 |
_a New Delhi _bSAGE Publications, _c2018 |
||
| 270 |
_aB1/I-1 Mohan Cooperative Industrial Area, Mathura Road _b New Delhi _e110044 |
||
| 300 |
_a290p. _c23 cm.(Hb) |
||
| 504 | _aIt include note, references and index. | ||
| 942 |
_2ddc _cEN _h331.881164 _mFIS |
||
| 999 |
_c151673 _d151673 |
||